Quizzes
Events
Quiz Creation
Community
Videos
Private Events
Remove Ads
Sign In
Join for FREE
Feedback
Dark Mode
Quiz Categories
Sports
Geography
Music
Movies
Television
Just For Fun
Miscellaneous
History
Literature
Language
Science
Gaming
Entertainment
Religion
Holiday
For Kids
Quiz Lab
Recent
Popular Today
Quiz Kudos Today
Editor Picks
Curator Picks
Quizzes by...
Day
Popularity
Type
Ratings
Length
Year
Community
Subscriptions
Recent Discussions
Orange Saloon
Badges
Playlists
Quests
Create
Leaderboards
Showdown
Live 5
Trivia Bingo
Activity
Puzzle Library
Sporcle Events
Private Events
Virtual Trivia
Globe League
Become a Host
Pub Owners
SporcleCon
Opinionation
Our Games
Videos
Blog
Mobile Apps
Partnerships
Remove Ads and Go Orange
Feedback
Gaming
Video Games
Board Games
Card Games
Pokémon
Mario
Nintendo
Minecraft
Console
Toys
Legend of Zelda
Gaming
Video Games
Board Games
Card Games
Pokémon
Mario
Nintendo
Minecraft
Console
Toys
Legend of Zelda
Random Quiz
Search Sporcle
×
Quiz Lab
Quiz Lab
Gaming
Pokémon
Type in answers that appear in a list
Type in answers that appear in a list
Classic
Best Score? Go Orange.
Unova Pokémon Evolutions Stats
Can you name the Unova Pokémon Evolutions?
By
patrickshawkins
10m
74 Questions
146 Plays
146 Plays
146 Plays
Comments
Comments
Give Quiz Kudos
Give Quiz Kudos
-
- Ratings
hide this ad
Replay
Link that replays current quiz
Next Quiz
Link to next quiz in quiz playlist
You Got
0%
They Got
Avg Score
91%
Avg Friend Score
Upgrade to see
Score Distribution
Jump to the score distribution portion of the page
Score
0/74
Timer
10:00
0
Plays Today
Pokémon
How to Evolve
% Correct
Lillipup
Level 16
97.3%
Pansear
Fire Stone
95.9%
Panpour
Water Stone
95.9%
Snivy
Level 17
95.2%
Servine
Level 36
95.2%
Tepig
Level 17
95.2%
Pignite
Level 36
95.2%
Oshawott
Level 17
95.2%
Dewott
Level 36
95.2%
Pansage
Leaf Stone
95.2%
Palpitoad
Level 36
95.2%
Trubbish
Level 36
95.2%
Joltik
Level 36
95.2%
Patrat
Level 20
93.8%
Purrloin
Level 20
93.8%
Blitzle
Level 27
93.8%
Roggenrola
Level 25
93.8%
Timburr
Level 25
93.8%
Tympole
Level 25
93.8%
Sewaddle
Level 20
93.8%
Herdier
Level 32
93.2%
Pidove
Level 21
93.2%
Tranquill
Level 32
93.2%
Boldore
Trade
93.2%
Gurdurr
Trade
93.2%
Darumaka
Level 35
93.2%
Gothita
Level 32
93.2%
Gothorita
Level 41
93.2%
Solosis
Level 32
93.2%
Duosion
Level 41
93.2%
Ducklett
Level 35
93.2%
Vanillite
Level 35
93.2%
Litwick
Level 41
93.2%
Sandile
Level 29
92.5%
Krokorok
Level 40
92.5%
Dwebble
Level 34
92.5%
Yamask
Level 34
92.5%
Pokémon
How to Evolve
% Correct
Vanillish
Level 47
92.5%
Deerling
Level 34
92.5%
Frillish
Level 40
92.5%
Ferroseed
Level 40
92.5%
Scraggy
Level 39
91.8%
Tirtouga
Level 37
91.8%
Archen
Level 37
91.8%
Foongus
Level 39
91.8%
Tynamo
Level 39
91.8%
Elgyem
Level 42
91.8%
Cubchoo
Level 37
91.8%
Golett
Level 43
91.8%
Fraxure
Level 48
91.1%
Venipede
Level 22
90.4%
Whirlipede
Level 30
90.4%
Zorua
Level 30
90.4%
Klink
Level 38
90.4%
Klang
Level 49
90.4%
Axew
Level 38
90.4%
Drilbur
Level 31
89.7%
Pawniard
Level 52
89.7%
Rufflet
Level 54
89%
Vullaby
Level 54
89%
Larvesta
Level 59
89%
Cottonee
Sun Stone
88.4%
Petilil
Sun Stone
88.4%
Mienfoo
Level 50
88.4%
Deino
Level 50
88.4%
Zweilous
Level 64
88.4%
Woobat
Friendship
86.3%
Swadloon
Friendship
86.3%
Eelektrik
Thunder Stone
86.3%
Minccino
Shiny Stone
85.6%
Munna
Moon Stone
84.9%
Lampent
Dusk Stone
84.2%
Karrablast
Trade Shelmet
68.5%
Shelmet
Trade Karrablast
68.5%
Quiz Playlist
Details
Report
Send in Message
Add To Playlist
Classic:
Type in answers that appear in a list
Last Updated: Feb 16, 2017
Quiz Scoreboard
CHALLENGE
Sign Up to Join the Scoreboard
Show All
Scores
Hide
Comments
May contain spoilers
Recently Published
College Basketball Coaching Resumes
by pancakes188
Sports
9m
Billboard Blitz: Fleetwood Mac
by CooCooCachoo
Music
15s
Presidents Visiting Landmarks
by Hejman
History
7m
More to Explore
Quiz From the Vault
Featured Blog Post
Where Did the Easter Bunny Come From?
hide this ad
You Might Also Like...
Tags
Pokémon Quiz
Evolution
Evolve
form
Next
Today's Top Quizzes in Gaming
Browse Gaming
hide this ad
Today's Top Quizzes in Pokémon
Browse Pokémon
Top Contributed Quizzes in Gaming
1
5-to-1: Consoles
2
7-to-1: Board Game Piece Blitz
3
5-to-1: Legend of Zelda
4
Destiny 2 exotic weapons by perk icons
5
League of Legends Pro Players by Career/Team History
6
Ultimate Genshin Impact Logic Puzzle (up to 4.3)
7
Franchise by Action Figure
8
Who's on the WWE 2K24 Cover?
9
Genshin Impact Logic Puzzle Quiz
10
Overwatch Logic Puzzle
Explore More
Trending Topics
Anime
Kpop
Marvel
Crossword
NBA
Harry Potter
Disney
Song
The Office
Soccer
WWE
Pokémon
Country
NFL
Puzzle
hide this ad
More By:
patrickshawkins
Quiz
Plays
Rating
Category
Featured
Created
SPORCLE Pokémon
18,424
4.79
Gaming
Apr 23, 2017
Pokémon Dual Type Combinations
2,517
4.29
Gaming
Jul 18, 2016
List of Power Rangers
2,335
5.00
Television
Jan 19, 2017
Power Rangers Villains
1,374
Television
Mar 10, 2017
Pokémon Move Endings
1,110
3.00
Gaming
May 12, 2016
Go to Creator's Profile
Score Distribution
Quiz Creator Spotlight
patrickshawkins
Follow
Send a Message
Quizzes Created
-
Created Quiz Play Count
-
More By This Creator
Popular Quizzes Today
1
Find the US States - No Outlines Minefield
2
Find the Countries of Europe - No Outlines Minefield
3
The Countries of the World
4
Find the US States
5
Risky Map Clicking: Biggest States A-Z
6
US States
7
Popular People in 1961
8
Movies - When Are They Set?
More Gaming Quizzes
The Object of the Game
Published
Trending Quizzes
Risky Map Clicking: Least Populous States A-Z
1-10 Letter G Words
1-10 Letter F Words
Risky Map Clicking: Next State Alphabetically
Risky Map Clicking: Biggest States A-Z
Recently Updated
Leaping Animals
pecheneg
Reality TV Shows (A-Z)
bhenderson79
Rickey Henderson's Hall of Fame Teammates
pecheneg
Champions League XIs: Arsenal
pecheneg
Quick Pick: Celebrities in WWE's Hall of Fame
aduchscher
A-Z Keypad Blitz II
pecheneg
Multiple Oscar Actors
pecheneg
Mystery Phrase Blitz: Oscar 'Best Actors'
pecheneg
F. Scott Fitzgerald Novels
LTH
Pick 3 Villains
ddd62291
Trending Topics
Kpop
Disney
Crossword
Marvel
NBA
Anime
Harry Potter
The Office
WWE
NFL
Pokémon
Country
Soccer
Puzzle
Song
Your Account Isn't Verified!
In order to create a playlist on Sporcle, you need to verify the email address you used during registration. Go to your
Sporcle Settings
to finish the process.
Report this User
Report this user for behavior that violates our
Community Guidelines
.
Details:
Send Report
Go to the Sporcle.com Mobile Site →
Comments